000 01227nam a2200373 i 4500
001 36047
003 KOSZ 005
005 20200715133859.0
008 981010s1997 pl a |000 0 pol d
020 _a8390736616
040 _cKOSZ 005
_aKOSZ 005
_dKOSZ 005/HR
046 _k1997
080 _a664.3
080 _a613.2
245 1 0 _aPrawda o tłuszczach :
_bpraca zbiorowa /
_cpod red.Jana Gawęckiego.
260 _aWarszawa :
_bInstytut Danone - Fundacja Promocji Zdrowego Żywienia,
_c1997.
300 _aV, 78 s. :
_b1 rys., wykr. ;
_c24 cm.
336 _2rdacontent
_aTekst
_btxt
337 _2rdamedia
_aBez urządzenia pośredniczącego
_bn
338 _2rdacarrier
_aWolumin
_bnc
380 _aKsiążki
380 _aPublikacje fachowe
388 _a1901-2000
388 _a1989-2000
490 1 _aCykl o Zdrowym Żywieniu
504 _aBibliogr. s. 78.
650 4 _aZdrowe odżywianie
650 4 _aTłuszcze jadalne
658 _aMedycyna i zdrowie
700 1 _aGawęcki, Jan
_d(1944- )
_eRedakcja
830 0 _aCykl o Zdrowym Żywieniu
856 _uhttp://koha.tu.koszalin.pl/cgi-bin/koha/opac-detail.pl?biblionumber=36047
_yKatalog online BPK
942 _cKS
_2UKD
999 _c36047
_d36047